Investments in Higher Education in OECD Countries
Investície do vysokoškolského vzdelávania v najrozvinutejších krajinách sveta, v krajinách OECD. Determinácia charakteru vzdelávania.
Guardado en:
| Autor principal: | |
|---|---|
| Otros Autores: | , |
| Formato: | Capítulo de libro |
| Lenguaje: | inglés |
| Materias: | |
| Etiquetas: |
Sin Etiquetas, Sea el primero en etiquetar este registro!
|
MARC
| LEADER | 00000naa$a2200000$$$4500 | ||
|---|---|---|---|
| 001 | 0136105 | ||
| 005 | 20251218125114.4 | ||
| 041 | 0 | |a eng | |
| 044 | |a PL | ||
| 245 | 1 | 0 | |a Investments in Higher Education in OECD Countries |c Elena Beňová, Daša Vališová, Vira Dubrovina |
| 520 | |a Investície do vysokoškolského vzdelávania v najrozvinutejších krajinách sveta, v krajinách OECD. Determinácia charakteru vzdelávania. | ||
| 610 | 2 | 0 | |a vzdelávanie vysokoškolské |
| 610 | 2 | 0 | |a investície |
| 610 | 2 | 0 | |a OECD |
| 100 | 1 | |a Beňová, Elena | |
| 700 | 1 | |a Vališová, Daša, 1982- | |
| 700 | 1 | |a Dubrovina, Vira | |